000
00309nam a22001337a 4500
008
171025b xxu||||| |||| 00| 0 eng d
020
_a
9780314161468
041
_a
eng
080
_a
336.2
100
_a
55
101
_a
TAK
245
_a
PRINCIPLES OF FEDERAL INCOME TAXATION
_c
POSIN, D.W
942
_2
udc
_c
BK
999
_c
35818
_d
35818